| 000 | 02009cam a22004814i 4500 | ||
|---|---|---|---|
| 003 | PE-LiUPU | ||
| 005 | 20250731173432.0 | ||
| 008 | 150706s2013 xxua r 000 0 spa d | ||
| 020 | _a9780829762495 | ||
| 035 | _a(Sirsi) i9780829762495 | ||
| 040 |
_aPE-LiUPU _bspa _cPE-LiUPU _erda |
||
| 049 | _aPRUA | ||
| 082 | 0 | 4 |
_a248.83 _bK56 _221 |
| 100 | 1 |
_aKinnaman, David, _eautor. |
|
| 245 | 1 | 0 |
_aMe perdieron : _bpor qué hay jóvenes cristianos dejando la iglesia y repensando su fe / _cDavid Kinnaman. |
| 264 | 1 |
_aMiami, Florida : _bVida, _c2013. |
|
| 300 |
_a256 páginas : _bilustraciones ; _c22 centímetros |
||
| 336 |
_atext _2rdacontent |
||
| 337 |
_aunmediated _2rdamedia |
||
| 338 |
_avolume _2rdacarrier |
||
| 505 | 0 | _aLos que abandonan -- La fe interrumpida -- Acceso, alienación, autoridad -- Los nómadas y los pródigos -- Los exiliados -- Desconexiones -- La deserción (explicada) -- Sobreprotectora -- Superficial -- Anticientífica -- Represiva -- Exclusiva -- Sin posibilidad para la duda -- Reconexiones -- Lo nuevo y lo viejo -- Cincuenta ideas para encontrar a una generación. | |
| 526 | _aSEG42 | ||
| 526 | _aSEG41 | ||
| 526 | _aSEG40 | ||
| 526 | _aSEG39 | ||
| 526 | _aP94 | ||
| 526 | _aP87 | ||
| 526 | _aP86 | ||
| 526 | _aP85 | ||
| 526 | _aP77 | ||
| 526 | _aP76 | ||
| 526 | _aP35 | ||
| 541 | _g001-0000702; | ||
| 650 | 0 | 4 |
_aAdolescentes cristianos _xVida religiosa. |
| 700 | 1 |
_aObando, Esteban, _etr. |
|
| 700 | 1 |
_aDíaz, Madeline, _eed. |
|
| 910 |
_agl _clch _d20131112 |
||
| 942 |
_2ddc _cBOOK |
||
| 949 |
_a248.83 K56 _wDEWEY _c1 _i68461 _lCCODEBUL1 _mBUL _p13.00 _r0 _sY _tBOOK _u2015-7-6 _xTEOLOGIA _PP35 _o.STAFF. Colección Teología |
||
| 994 |
_aC0 _bPEPRU |
||
| 596 | _a1 | ||
| 999 |
_a248.83 K56 _wDEWEY _c55575 _i68461 _d55575 _e2018-9-13 _f2021-11-12 _g5 _lCCODEBUL1 _mBUL _n5 _p13.00 _q1 _r0 _sY _tBOOK _u2015-7-6 _xTEOLOGIA _PP35 _0COMPRA _o.STAFF. Colección Teología |
||
| 980 |
_81 _gALBERTO SANCHEZ Responsable de Automatización |
||